Bravo Hits Best Of 92 - Statistiken

Allgemein
  • Dieses Quiz wurde 73 mal gespielt
  • Das Durchschnittsergebnis liegt bei 7 aus 36
Antwortstatistiken
Song Interpret % Korrekt
Die Da !?! Die Fantastischen Vier
87%
Rhythm Is A Dancer Snap!
69%
It's My Life Dr. Alban
61%
Knockin' On Heaven's Door Guns N' Roses
52%
Das Boot U96
42%
Under The Bridge Red Hot Chili Peppers
40%
Don't Let The Sun Go Down On Me George Michael & Elton John
34%
How Do You Do Roxette
34%
Sweat (A La La La La Long) Inner Circle
31%
Don't Talk Just Kiss Right Said Fred
27%
Jump Kris Kross
19%
Always Look On The Bright Side Of Life Monty Python
19%
To Be With You Mr. Big
18%
Mistadobalina Del Tha Funkeé Homosapien
15%
More And More Captain Hollywood Project
13%
Temple Of Love The Sisters Of Mercy
13%
Jive Connie Connie Francis
12%
Something Got Me Started Simply Red
12%
Weather With You Crowded House
10%
Lay All Your Love On Me Erasure
10%
Just Another Day Jon Secada
10%
You Bring On The Sun Londonbeat
10%
Stay Shakespears Sister
9%
If You Go Away New Kids On The Block
7%
Damn I Wish I Was Your Lover Sophie B. Hawkins
7%
You Ten Sharp
7%
I Wonder Why Curtis Stigers
6%
Please Don't Go Double You
6%
I'm Walking Fats Domino
6%
Hail Hail Rock'n'Roll Garland Jeffreys
6%
Dream A Little Dream Of Me The Mamas & The Papas
6%
I Can't Get Enough Chyp-Notic
4%
Don't You Want Me Felix
4%
Make It With You The Pasadenas
4%
Baker Street Undercover
4%
Please Don't Go KC And The Sunshine Band
3%
Keine übereinstimmenden Quizze gefunden
Verteilung der Resultate
Anzahl Personen mit jedem Resultat
Perzentil nach korrekt beantworteten Fragen
Ihre Resultats-Entwicklung
Sie haben dieses Quiz noch nicht gespielt